<?xml version="1.0" encoding="UTF-8"?>
<record
    xmlns:xsi="http://www.w3.org/2001/XMLSchema-instance"
    xsi:schemaLocation="http://www.loc.gov/MARC21/slim http://www.loc.gov/standards/marcxml/schema/MARC21slim.xsd"
    xmlns="http://www.loc.gov/MARC21/slim">

  <leader>00406    a2200133   4500</leader>
  <controlfield tag="005">20250616114409.0</controlfield>
  <datafield tag="020" ind1=" " ind2=" ">
    <subfield code="a">978 9976 4 0441 8</subfield>
  </datafield>
  <datafield tag="082" ind1=" " ind2=" ">
    <subfield code="a">370.15 OMA</subfield>
  </datafield>
  <datafield tag="100" ind1=" " ind2=" ">
    <subfield code="a">OMARI, I. M.</subfield>
  </datafield>
  <datafield tag="245" ind1=" " ind2=" ">
    <subfield code="a">Educational Psychology For Teachers</subfield>
  </datafield>
  <datafield tag="260" ind1=" " ind2=" ">
    <subfield code="a">Mikocheni B,  </subfield>
    <subfield code="b">Oxford University Press(T) Ltd,</subfield>
    <subfield code="c">2006.</subfield>
  </datafield>
  <datafield tag="300" ind1=" " ind2=" ">
    <subfield code="a">xiii, 348p.: ill.; figure, picture, table.</subfield>
    <subfield code="b">Index, references.</subfield>
    <subfield code="c">25cm.</subfield>
  </datafield>
  <datafield tag="942" ind1=" " ind2=" ">
    <subfield code="2">ddc</subfield>
    <subfield code="c">BKS</subfield>
  </datafield>
  <datafield tag="999" ind1=" " ind2=" ">
    <subfield code="c">4115</subfield>
    <subfield code="d">4115</subfield>
  </datafield>
  <datafield tag="952" ind1=" " ind2=" ">
    <subfield code="r">2025-06-16 11:48:08</subfield>
    <subfield code="l">0</subfield>
    <subfield code="o">370.15 OMA</subfield>
    <subfield code="p">00000013076</subfield>
    <subfield code="v">208800.00</subfield>
    <subfield code="w">2025-06-16</subfield>
    <subfield code="y">BKS</subfield>
    <subfield code="1">0</subfield>
    <subfield code="2">ddc</subfield>
    <subfield code="4">0</subfield>
    <subfield code="7">0</subfield>
    <subfield code="0">0</subfield>
    <subfield code="a">CBEML</subfield>
    <subfield code="b">CBEML</subfield>
    <subfield code="c">GEN</subfield>
    <subfield code="d">2024-04-04</subfield>
    <subfield code="g">69600.00</subfield>
  </datafield>
  <datafield tag="952" ind1=" " ind2=" ">
    <subfield code="r">2025-06-16 11:48:08</subfield>
    <subfield code="l">0</subfield>
    <subfield code="o">370.15 OMA</subfield>
    <subfield code="p">00000013077</subfield>
    <subfield code="v">208800.00</subfield>
    <subfield code="w">2025-06-16</subfield>
    <subfield code="y">BKS</subfield>
    <subfield code="1">0</subfield>
    <subfield code="2">ddc</subfield>
    <subfield code="4">0</subfield>
    <subfield code="7">0</subfield>
    <subfield code="0">0</subfield>
    <subfield code="a">CBEML</subfield>
    <subfield code="b">CBEML</subfield>
    <subfield code="c">GEN</subfield>
    <subfield code="d">2024-04-04</subfield>
    <subfield code="g">69600.00</subfield>
  </datafield>
  <datafield tag="952" ind1=" " ind2=" ">
    <subfield code="r">2025-06-16 11:48:08</subfield>
    <subfield code="l">0</subfield>
    <subfield code="o">370.15 OMA</subfield>
    <subfield code="p">00000013078</subfield>
    <subfield code="v">208800.00</subfield>
    <subfield code="w">2025-06-16</subfield>
    <subfield code="y">BKS</subfield>
    <subfield code="1">0</subfield>
    <subfield code="2">ddc</subfield>
    <subfield code="4">0</subfield>
    <subfield code="7">0</subfield>
    <subfield code="0">0</subfield>
    <subfield code="a">CBEML</subfield>
    <subfield code="b">CBEML</subfield>
    <subfield code="c">GEN</subfield>
    <subfield code="d">2024-04-04</subfield>
    <subfield code="g">69600.00</subfield>
  </datafield>
  <datafield tag="952" ind1=" " ind2=" ">
    <subfield code="r">2025-06-16 11:48:08</subfield>
    <subfield code="l">0</subfield>
    <subfield code="o">370.15 OMA</subfield>
    <subfield code="p">00000013079</subfield>
    <subfield code="v">208800.00</subfield>
    <subfield code="w">2025-06-16</subfield>
    <subfield code="y">BKS</subfield>
    <subfield code="1">0</subfield>
    <subfield code="2">ddc</subfield>
    <subfield code="4">0</subfield>
    <subfield code="7">0</subfield>
    <subfield code="0">0</subfield>
    <subfield code="a">CBEML</subfield>
    <subfield code="b">CBEML</subfield>
    <subfield code="c">GEN</subfield>
    <subfield code="d">2024-04-04</subfield>
    <subfield code="g">69600.00</subfield>
  </datafield>
  <datafield tag="952" ind1=" " ind2=" ">
    <subfield code="r">2025-06-16 11:48:08</subfield>
    <subfield code="l">0</subfield>
    <subfield code="o">370.15 OMA</subfield>
    <subfield code="p">00000013080</subfield>
    <subfield code="v">208800.00</subfield>
    <subfield code="w">2025-06-16</subfield>
    <subfield code="y">BKS</subfield>
    <subfield code="1">0</subfield>
    <subfield code="2">ddc</subfield>
    <subfield code="4">0</subfield>
    <subfield code="7">0</subfield>
    <subfield code="0">0</subfield>
    <subfield code="a">CBEML</subfield>
    <subfield code="b">CBEML</subfield>
    <subfield code="c">GEN</subfield>
    <subfield code="d">2024-04-04</subfield>
    <subfield code="g">69600.00</subfield>
  </datafield>
</record>
